MLB Player Sudden Death - Statistics

General Stats
  • This quiz has been taken 63 times
  • The average score is 8 of 14
Answers on the Grid
Answers color-coded by a green-red scale on the quiz's grid according to % correct below.
Miles Mastrobuoni
Jac Caglianone
James Harden
Jesse Owens
Coco Crisp
Joseph Slater
Storm Duck
David Fletcher
Adley Rutschman
Aaron Judge
Jake Pitrami
William Tiglar
Noah Blants
Mookie Betts
Mike Trout
Rusty Kuntz
Jack Glasscock
Jeb Ryan
Zach Muhamed
Scrooge McDuck
Christian Encarnacion-Strand
Catfish Hunter
Jeffery Epstien
Janson Junk
Jason Hemsworth
Bobby Helly
John LeProm
Vida Blue
 
Answer Stats
Answer % Correct
Mike Trout
92%
Aaron Judge
89%
Mookie Betts
86%
Adley Rutschman
72%
Catfish Hunter
67%
Coco Crisp
58%
Jac Caglianone
58%
Vida Blue
56%
Christian Encarnacion-Strand
44%
Miles Mastrobuoni
42%
David Fletcher
36%
Rusty Kuntz
28%
Jack Glasscock
19%
Janson Junk
17%
No matching quizzes found
Score Distribution
Percent of People with Each Score
Percentile by Number Answered
Your Score History
You have not taken this quiz